[Event "DEM U14w 2005"]
[Site "Willingen GER"]
[Date "2005.05.18"]
[Round "6"]
[White "Herbold, Nora Elise Marina"]
[Black "Müller, Anna-Louise"]
[Result "0-1"]
[Termination "normal"]
[Board "10"]
[WhiteElo "1484"]
[BlackElo "1381"]
[PlyCount "148"]
[WhiteFideId "4624548"]
[BlackFideId "4633512"]
[EventCountry "GER"]
[EventRounds "9"]
[EventType "swiss"]
[EventDate "2005.05.15"]

1. e4 c5 2. Nf3 d6 3. d4 cxd4 4. Nxd4 Nf6 5. Nc3 g6 6. Be3 Bg7 7. f3 O-O 8. Qd2
Nc6 9. O-O-O Bd7 10. h4 Rc8 11. g4 h5 12. gxh5 Nxh5 13. Rg1 Kh7 14. Be2 Ne5 15.
f4 Nc4 16. Bxc4 Rxc4 17. f5 Qa5 18. Nb3 Qa6 19. Bd4 Bh6 20. Be3 Bg7 21. Kb1
Bxc3 22. bxc3 Rxe4 23. fxg6+ fxg6 24. Qg2 Rg4 25. Qd5 Rf5 26. Qd3 Bb5 27. Qd2
Rxh4 28. Bg5 Re4 29. Rde1 Rxe1+ 30. Rxe1 e5 31. Be7 d5 32. Qxd5 Qc6 33. Qxc6
Bxc6 34. Bd6 e4 35. Nc5 Nf6 36. Nb3 Rh5 37. Bc5 b6 38. Bd4 Nd5 39. Kb2 Rh3 40.
Rxe4 Kh6 41. Re6 Ba4 42. Rd6 Ne3 43. Ka3 Nc4+ 44. Kxa4 Nxd6 45. Be5 Rh4+ 46.
Bd4 a6 47. Nd2 Nf5 48. Nf3 Rf4 49. Ne5 Nxd4 50. cxd4 Rxd4+ 51. Kb3 g5 52. Kc3
Re4 53. Nf7+ Kh5 54. Nd6 Re6 55. Nf5 Kg4 56. Nd4 Rd6 57. Ne2 Rd8 58. a4 Kf3 59.
Ng1+ Kg2 60. Ne2 Kf2 61. Nd4 Rxd4 62. Kxd4 g4 63. Kd5 g3 64. Kc6 b5 65. axb5
axb5 66. Kxb5 g2 67. c4 g1=Q 68. c5 Qg8 69. c6 Qc8 70. Kc5 Ke3 71. Kd5 Kd3 72.
Kc5 Kc3 73. Kd6 Kc4 74. c7 Kb5 0-1

[Event "DEM U14w 2005"]
[Site "Willingen GER"]
[Date "2005.05.18"]
[Round "6"]
[White "Schultheiß, Vera"]
[Black "Becher, Anne"]
[Result "0-1"]
[Termination "normal"]
[Board "11"]
[WhiteElo "1115"]
[BlackElo "1454"]
[PlyCount "50"]
[EventCountry "GER"]
[EventRounds "9"]
[EventType "swiss"]
[EventDate "2005.05.15"]

1. e4 c6 2. Nc3 d5 3. exd5 cxd5 4. d4 Nc6 5. Nf3 Bf5 6. Bb5 Nf6 7. Bf4 Qb6 8.
O-O e6 9. a3 Be7 10. Rb1 O-O 11. Bxc6 bxc6 12. Ne5 Rfd8 13. Re1 Bd6 14. Bg5 Be7
15. h3 h6 16. Bxf6 Bxf6 17. g4 Bh7 18. Nf3 Rab8 19. h4 Qc7 20. Qd2 c5 21. dxc5
Qxc5 22. Ne5 Bxh4 23. Nd3 Bxd3 24. cxd3 Bg5 25. Qc2 d4 0-1

[Event "DEM U14w 2005"]
[Site "Willingen GER"]
[Date "2005.05.18"]
[Round "6"]
[White "Stein, Simone"]
[Black "Knof, Henrike"]
[Result "1-0"]
[Termination "normal"]
[Board "12"]
[WhiteElo "1136"]
[BlackElo "1068"]
[PlyCount "79"]
[WhiteFideId "24692875"]
[EventCountry "GER"]
[EventRounds "9"]
[EventType "swiss"]
[EventDate "2005.05.15"]

1. e4 e5 2. Nf3 Nc6 3. Bb5 Bc5 4. O-O d6 5. h3 a6 6. Ba4 b5 7. Bb3 Nf6 8. Re1
Nd4 9. c3 Nxb3 10. Qxb3 O-O 11. d4 Bb6 12. dxe5 dxe5 13. Nxe5 Qe8 14. Nd3 Bb7
15. e5 Rd8 16. exf6 Qc6 17. Nf4 g5 18. Kh1 gxf4 19. f3 Qxf6 20. c4 bxc4 21.
Qxc4 Rfe8 22. Rxe8+ Rxe8 23. Qf1 Qh4 24. Bd2 Be3 25. Bxe3 fxe3 26. Nc3 Qf2 27.
Qe2 a5 28. Rf1 Qxe2 29. Nxe2 Ba6 30. Re1 c5 31. Nc3 e2 32. Kg1 h6 33. Kf2 Rb8
34. Na4 Rb4 35. Nxc5 Bb5 36. b3 Rd4 37. a4 Bd3 38. Nxd3 Rxd3 39. Rxe2 Rxb3 40.
Re5 1-0

[Event "DEM U14w 2005"]
[Site "Willingen GER"]
[Date "2005.05.18"]
[Round "6"]
[White "Häcker, Katrin"]
[Black "Kinzel, Tiffany"]
[Result "0-1"]
[Termination "normal"]
[Board "13"]
[WhiteElo "1388"]
[BlackElo "1265"]
[PlyCount "80"]
[WhiteFideId "24667986"]
[BlackFideId "4633741"]
[EventCountry "GER"]
[EventRounds "9"]
[EventType "swiss"]
[EventDate "2005.05.15"]

1. e4 c5 2. Nf3 d6 3. d4 cxd4 4. Nxd4 Nf6 5. Nc3 a6 6. Bd3 e5 7. Nde2 Be6 8.
O-O Be7 9. f4 b5 10. a3 O-O 11. f5 Bc8 12. Rf3 Bb7 13. Bg5 Nbd7 14. h3 d5 15.
exd5 Nxd5 16. f6 N7xf6 17. Bxf6 Nxf6 18. Rf1 e4 19. Bxe4 Nxe4 20. Nxe4 Bxe4 21.
c3 Qxd1 22. Raxd1 Rad8 23. Nd4 Bc5 24. Rfe1 Bxd4+ 25. cxd4 Bd5 26. Re5 f6 27.
Re2 Rfe8 28. Ree1 Rxe1+ 29. Rxe1 Kf7 30. Kf2 g5 31. g4 Re8 32. Rxe8 Kxe8 33.
Kg3 Kd7 34. h4 h6 35. hxg5 hxg5 36. Kf2 Kd6 37. Kg3 Bb7 38. Kf2 Kd5 39. Ke3 Bc8
40. Kf3 Kxd4 0-1

[Event "DEM U14w 2005"]
[Site "Willingen GER"]
[Date "2005.05.19"]
[Round "7"]
[White "Zier, Verena"]
[Black "Winkelmann, Elena"]
[Result "0-1"]
[Termination "normal"]
[Board "1"]
[WhiteElo "1844"]
[BlackElo "2031"]
[PlyCount "90"]
[WhiteFideId "24620602"]
[BlackFideId "24607630"]
[EventCountry "GER"]
[EventRounds "9"]
[EventType "swiss"]
[EventDate "2005.05.15"]

1. d4 d5 2. c4 c6 3. Nc3 dxc4 4. a4 e5 5. dxe5 Qxd1+ 6. Kxd1 Na6 7. e3 Be6 8.
Nf3 O-O-O+ 9. Bd2 Bb4 10. Ke2 Ne7 11. g3 Bxc3 12. Bxc3 Nd5 13. Bd2 Nc5 14. Bg2
Nb3 15. Rad1 Nxd2 16. Nxd2 c3 17. Bxd5 Bxd5 18. e4 cxd2 19. exd5 Rxd5 20. Rxd2
Rxe5+ 21. Kf3 Rd8 22. Rhd1 Rxd2 23. Rxd2 Kc7 24. Rd4 c5 25. Rd2 Kc6 26. h4 a6
27. g4 b5 28. axb5+ axb5 29. Rd8 h5 30. Rd2 hxg4+ 31. Kxg4 c4 32. f4 Re1 33. h5
b4 34. Kf5 Kc5 35. Kg4 c3 36. bxc3 bxc3 37. Rd8 Kc4 38. Rc8+ Kd3 39. Rd8+ Ke2
40. Re8+ Kd1 41. Rd8+ Kc1 42. Kf3 c2 43. Rd7 Kb2 44. Rb7+ Ka3 45. Ra7+ Kb4 0-1

[Event "DEM U14w 2005"]
[Site "Willingen GER"]
[Date "2005.05.19"]
[Round "7"]
[White "Remy, Janina"]
[Black "Karmann, Anna"]
[Result "1/2-1/2"]
[Termination "normal"]
[Board "3"]
[WhiteElo "1720"]
[BlackElo "1639"]
[PlyCount "99"]
[WhiteFideId "24627348"]
[BlackFideId "24648000"]
[EventCountry "GER"]
[EventRounds "9"]
[EventType "swiss"]
[EventDate "2005.05.15"]

1. c4 e5 2. g3 Nc6 3. Bg2 f5 4. d3 Nf6 5. e4 d6 6. Ne2 Be7 7. Nbc3 O-O 8. O-O
Qe8 9. exf5 Bxf5 10. d4 Qh5 11. f3 Qg6 12. a3 h5 13. Nd5 Nxd5 14. cxd5 Nd8 15.
f4 e4 16. Nc3 Bf6 17. Re1 Re8 18. Be3 Nf7 19. Nb5 Bd8 20. Rc1 Re7 21. Qb3 Nh6
22. Nc3 Rb8 23. a4 h4 24. Ne2 Ng4 25. h3 Nf6 26. Bf2 hxg3 27. Bxg3 Nh5 28. Kh2
Qh6 29. Rc3 g6 30. Bh4 Rh7 31. Bxd8 Rxd8 32. Rf1 Rb8 33. Re3 Nf6 34. Kg1 Qh4
35. Rf2 Qh6 36. Kf1 Qh4 37. Ke1 a6 38. Ng3 Bxh3 39. Bxh3 Qxh3 40. Nxe4 Qh1+ 41.
Rf1 Qh4+ 42. Nf2 Qxf4 43. Qd3 Qh6 44. Rg1 Rg7 45. Re6 Rf8 46. Qc2 Qh5 47. Ne4
Nxd5 48. Ng3 Qh6 49. Ne2 Nf6 50. Qb3 1/2-1/2

[Event "DEM U14w 2005"]
[Site "Willingen GER"]
[Date "2005.05.19"]
[Round "7"]
[White "Lorenz, Nicole"]
[Black "Kickert, Germaine-Helene"]
[Result "1/2-1/2"]
[Termination "normal"]
[Board "4"]
[WhiteElo "1761"]
[BlackElo "1920"]
[PlyCount "71"]
[WhiteFideId "24623709"]
[BlackFideId "24614890"]
[EventCountry "GER"]
[EventRounds "9"]
[EventType "swiss"]
[EventDate "2005.05.15"]

1. e4 c5 2. Nf3 Nc6 3. d4 cxd4 4. Nxd4 g6 5. Nc3 Bg7 6. Be3 Nf6 7. Bc4 O-O 8.
Bb3 Ng4 9. Qxg4 Nxd4 10. Qd1 Nxb3 11. cxb3 d6 12. Qd2 b6 13. O-O Bb7 14. Bh6
Rc8 15. Bxg7 Kxg7 16. f3 Rc5 17. Rac1 Qd7 18. Nd5 Rfc8 19. b4 Rc4 20. b3 R4c6
21. a4 Qe6 22. Rxc6 Rxc6 23. Qb2+ Kg8 24. b5 Rc5 25. b4 Rc8 26. Rd1 Bxd5 27.
Rxd5 Rc7 28. Rd2 Qc4 29. Kf2 Qc3 30. Kg3 Rc4 31. Qxc3 Rxc3 32. Rb2 Ra3 33. a5
bxa5 34. bxa5 Rxa5 35. b6 axb6 36. Rxb6 1/2-1/2

[Event "DEM U14w 2005"]
[Site "Willingen GER"]
[Date "2005.05.19"]
[Round "7"]
[White "Gahn, Juliane"]
[Black "Penne, Bo"]
[Result "1/2-1/2"]
[Termination "normal"]
[Board "5"]
[WhiteElo "1606"]
[BlackElo "1459"]
[PlyCount "173"]
[BlackFideId "24642193"]
[EventCountry "GER"]
[EventRounds "9"]
[EventType "swiss"]
[EventDate "2005.05.15"]

1. e4 c6 2. d4 d5 3. Nd2 dxe4 4. Nxe4 Bf5 5. Ng3 Bg6 6. Nf3 Nd7 7. Bd3 Bxd3 8.
Qxd3 Qc7 9. O-O e6 10. b3 Ngf6 11. c4 Be7 12. Bb2 O-O 13. Rac1 Rac8 14. Qe2
Rfe8 15. Rfd1 Qb6 16. Ne5 h6 17. Rd3 Rcd8 18. Nxd7 Rxd7 19. Nh5 Kh7 20. Nf4 a6
21. Re1 Qc7 22. Nh5 Qa5 23. Nxf6+ Bxf6 24. Bc3 Qd8 25. Qe4+ Kh8 26. Ree3 Rde7
27. Rh3 Qd6 28. Qe3 Kg8 29. Qf3 Bg5 30. Qg4 Qf4 31. Qe2 Qc1+ 32. Rd1 Qf4 33.
Bd2 Qf5 34. Bxg5 Qxg5 35. Rg3 Qf5 36. Qd2 Qh5 37. Rh3 Qg6 38. Re1 Rd7 39. Rg3
Qf6 40. Rd1 Red8 41. Rd3 Rd6 42. h3 Qh4 43. Qe3 Qf6 44. Qe4 R6d7 45. Rf3 Qg5
46. Rfd3 Qf6 47. Qe3 Qh4 48. Qd2 Qe4 49. Re1 Qh4 50. Rd1 Qh5 51. Qc3 Qf5 52. a4
c5 53. g4 Qe4 54. f3 Qf4 55. dxc5 Qg3+ 56. Kf1 Qxh3+ 57. Kf2 Qh2+ 58. Kf1 Qh1+
59. Ke2 Qg2+ 60. Ke3 Rxd3+ 61. Rxd3 Rxd3+ 62. Qxd3 Qg1+ 63. Ke2 Qxc5 64. Qd8+
Qf8 65. Qd7 Qb8 66. Kd3 e5 67. Ke4 f6 68. Qd5+ Kh7 69. c5 Qc7 70. Kd3 Kg6 71.
Qe4+ Kf7 72. Qc4+ Ke7 73. Ke3 Qc6 74. Qb4 g6 75. Qc3 Qd5 76. Qb4 Qc6 77. Qc3
Qe6 78. Qb4 Qc6 79. Qc3 Kf7 80. Qc4+ Kg7 81. Qc2 Qd5 82. Qc3 Qd1 83. Qb4 Qg1+
84. Ke2 Qg2+ 85. Ke3 Qg1+ 86. Ke2 Qg2+ 87. Ke3 1/2-1/2

[Event "DEM U14w 2005"]
[Site "Willingen GER"]
[Date "2005.05.19"]
[Round "7"]
[White "Mijatovic, Andrea"]
[Black "Döring, Julia"]
[Result "1-0"]
[Termination "normal"]
[Board "6"]
[WhiteElo "1551"]
[BlackElo "1454"]
[PlyCount "103"]
[WhiteFideId "14514524"]
[EventCountry "GER"]
[EventRounds "9"]
[EventType "swiss"]
[EventDate "2005.05.15"]

1. e4 c5 2. Nf3 Nc6 3. d4 cxd4 4. Nxd4 Nf6 5. Nc3 g6 6. Be2 Bg7 7. Be3 d6 8.
O-O O-O 9. Kh1 a6 10. f4 Qb6 11. Nxc6 Qxc6 12. Bf3 Qc7 13. Rb1 Rd8 14. Na4 Nd7
15. Bg4 Nc5 16. Nxc5 dxc5 17. Qe2 Bxg4 18. Qxg4 Rd7 19. e5 e6 20. Qf3 Rad8 21.
Qf2 Qc6 22. c3 c4 23. Bb6 Re8 24. Bc5 Rd3 25. Bd6 Bf8 26. Bxf8 Rxf8 27. Rfd1
Rfd8 28. Qe2 b5 29. Kg1 Kf8 30. Rxd3 Rxd3 31. Rd1 Rxd1+ 32. Qxd1 Qd5 33. Qxd5
exd5 34. Kf2 Ke7 35. Ke3 Kd7 36. Kd4 Kc6 37. g4 a5 38. a3 h5 39. gxh5 gxh5 40.
h4 a4 41. f5 f6 42. exf6 Kd6 43. f7 Ke7 44. Kxd5 Kxf7 45. Ke5 Ke7 46. f6+ Kf7
47. Kf5 Kf8 48. Kg6 Kg8 49. Kxh5 Kf7 50. Kg5 Kg8 51. Kg6 Kf8 52. f7 1-0

[Event "DEM U14w 2005"]
[Site "Willingen GER"]
[Date "2005.05.19"]
[Round "7"]
[White "Müller, Anna-Louise"]
[Black "Backer, Julia"]
[Result "1/2-1/2"]
[Termination "normal"]
[Board "7"]
[WhiteElo "1381"]
[BlackElo "1533"]
[PlyCount "39"]
[WhiteFideId "4633512"]
[EventCountry "GER"]
[EventRounds "9"]
[EventType "swiss"]
[EventDate "2005.05.15"]

1. e4 e6 2. d4 d5 3. exd5 exd5 4. Bd3 Bd6 5. c3 Ne7 6. Nf3 O-O 7. O-O c6 8. Qc2
g6 9. Re1 Bf5 10. Bg5 Bxd3 11. Qxd3 Nd7 12. Nbd2 f6 13. Bh6 Re8 14. Nf1 Nf5 15.
Bd2 Rxe1 16. Rxe1 Qf8 17. Ng3 Nxg3 18. hxg3 Re8 19. Rxe8 Qxe8 20. Qe3 1/2-1/2

[Event "DEM U14w 2005"]
[Site "Willingen GER"]
[Date "2005.05.19"]
[Round "7"]
[White "Becher, Anne"]
[Black "Mertens, Pauline"]
[Result "0-1"]
[Termination "normal"]
[Board "8"]
[WhiteElo "1454"]
[BlackElo "1505"]
[PlyCount "60"]
[BlackFideId "24671959"]
[EventCountry "GER"]
[EventRounds "9"]
[EventType "swiss"]
[EventDate "2005.05.15"]

1. d4 d5 2. e3 Nf6 3. Bd3 c5 4. c3 g6 5. Nd2 Bg7 6. f4 O-O 7. Ngf3 b6 8. O-O
Ba6 9. c4 Ng4 10. Qe2 dxc4 11. Nxc4 Nc6 12. dxc5 Nb4 13. Be4 Rc8 14. a3 Rxc5
15. Nfd2 Bxc4 16. Nxc4 Qc8 17. Nxb6 axb6 18. axb4 Rc4 19. Ra8 Qc7 20. Rxf8+
Bxf8 21. Bd5 Rxc1 22. Qxg4 Rxf1+ 23. Kxf1 Qc1+ 24. Kf2 Qd2+ 25. Kg3 Qxd5 26.
Qf3 Qb3 27. Kh3 Qxb4 28. f5 Qxb2 29. fxg6 hxg6 30. Qb7 b5 0-1

[Event "DEM U14w 2005"]
[Site "Willingen GER"]
[Date "2005.05.19"]
[Round "7"]
[White "Frey, Alisa"]
[Black "van Orsouw, Svenja"]
[Result "1/2-1/2"]
[Termination "normal"]
[Board "9"]
[WhiteElo "1495"]
[BlackElo "1421"]
[PlyCount "73"]
[WhiteFideId "24634662"]
[BlackFideId "24677124"]
[EventCountry "GER"]
[EventRounds "9"]
[EventType "swiss"]
[EventDate "2005.05.15"]

1. e4 c5 2. Nf3 Nc6 3. d4 cxd4 4. Nxd4 Nf6 5. Nc3 e5 6. Ndb5 d6 7. Bg5 a6 8.
Na3 b5 9. Nd5 Be7 10. Bxf6 Bxf6 11. c3 O-O 12. Nc2 Bg5 13. a4 bxa4 14. Rxa4 a5
15. Bc4 Rb8 16. Ra2 Kh8 17. O-O f5 18. Qd3 f4 19. f3 Bh4 20. Rd1 Qg5 21. b3 Qg6
22. Na3 Rd8 23. Rad2 Ne7 24. Rb1 Be6 25. Nxe7 Bxe7 26. Bxe6 Qxe6 27. Qd5 Qxd5
28. Rxd5 Rdc8 29. Rd3 d5 30. Nc2 d4 31. c4 Rxc4 32. Rc1 Rc3 33. Rxc3 dxc3 34.
Na1 Bb4 35. Kf2 Kg8 36. Ke2 Kf7 37. Kd3 1/2-1/2

[Event "DEM U14w 2005"]
[Site "Willingen GER"]
[Date "2005.05.19"]
[Round "7"]
[White "Kinzel, Tiffany"]
[Black "Billing, Tanja"]
[Result "1-0"]
[Termination "normal"]
[Board "10"]
[WhiteElo "1265"]
[BlackElo "1524"]
[PlyCount "115"]
[WhiteFideId "4633741"]
[BlackFideId "24647993"]
[EventCountry "GER"]
[EventRounds "9"]
[EventType "swiss"]
[EventDate "2005.05.15"]

1. e4 c5 2. Nc3 d6 3. f4 Nc6 4. Nf3 g6 5. g3 Bg7 6. Bg2 e6 7. d3 Nge7 8. Be3
Nd4 9. Qd2 Nec6 10. Nd1 b5 11. c3 Nxf3+ 12. Bxf3 Rb8 13. Rb1 a5 14. O-O O-O 15.
Bg2 f5 16. e5 Qc7 17. d4 cxd4 18. cxd4 d5 19. h3 Ba6 20. Rf2 b4 21. g4 Qe7 22.
g5 Kf7 23. Bf1 Bxf1 24. Rxf1 Rh8 25. Nf2 h5 26. h4 Rhc8 27. Nd3 Bf8 28. Rfc1
Qa7 29. Nc5 Nxd4 30. Qxd4 Bxc5 31. Rxc5 Rxc5 32. Qxc5 Qxc5 33. Bxc5 Rc8 34. Rc1
Ke8 35. Kf2 Kd7 36. Ke3 Rc6 37. Kd3 Rc8 38. Kd2 Rc6 39. Kd1 Rc8 40. Bb6 a4 41.
Rxc8 Kxc8 42. Ba5 Kb7 43. Bxb4 Kc6 44. Ba3 Kb5 45. Kc2 Kc4 46. b3+ axb3+ 47.
axb3+ Kb5 48. Kc3 Kc6 49. Kb4 Kb6 50. Bb2 Kc6 51. Bd4 Kb7 52. Kb5 Kc7 53. Ka6
Kb8 54. b4 Kc7 55. b5 Kb8 56. b6 Kc8 57. b7+ Kb8 58. Ba7+ 1-0

[Event "DEM U14w 2005"]
[Site "Willingen GER"]
[Date "2005.05.19"]
[Round "7"]
[White "Bakalarz, Janet"]
[Black "Stein, Simone"]
[Result "1-0"]
[Termination "normal"]
[Board "11"]
[WhiteElo "1399"]
[BlackElo "1136"]
[PlyCount "99"]
[BlackFideId "24692875"]
[EventCountry "GER"]
[EventRounds "9"]
[EventType "swiss"]
[EventDate "2005.05.15"]

1. e4 c5 2. Nf3 d6 3. d4 cxd4 4. Nxd4 Nf6 5. Nc3 a6 6. f3 g6 7. Be3 Bg7 8. Qd2
O-O 9. O-O-O Bd7 10. g4 Nc6 11. h4 Ne5 12. h5 Rc8 13. Bh6 Qb6 14. Bxg7 Kxg7 15.
hxg6 fxg6 16. Qh6+ Kg8 17. g5 Nh5 18. Rxh5 gxh5 19. Qxh5 Be8 20. Qh3 Bg6 21.
Qe6+ Kh8 22. f4 Rxf4 23. Qxc8+ Kg7 24. Ne6+ Kf7 25. Nxf4 Qe3+ 26. Kb1 Qxf4 27.
Qxb7 Qxg5 28. Rxd6 Bh5 29. Qd5+ Kg7 30. Re6 Qh4 31. Rxe5 Qe1+ 32. Nd1 Bxd1 33.
Rg5+ Kh6 34. b3 Qxf1 35. Rf5 Bf3+ 36. Kb2 Qg2 37. Qe6+ Qg6 38. Qxg6+ Kxg6 39.
Rxf3 h5 40. c4 Kg5 41. Rf5+ Kg4 42. Rxh5 Kxh5 43. c5 Kg4 44. c6 Kf4 45. c7 Kxe4
46. c8=Q e5 47. Qxa6 Kf3 48. Qf1+ Ke3 49. Qe1+ Kd4 50. a4 1-0

[Event "DEM U14w 2005"]
[Site "Willingen GER"]
[Date "2005.05.19"]
[Round "7"]
[White "Knof, Henrike"]
[Black "Herbold, Nora Elise Marina"]
[Result "1-0"]
[Termination "normal"]
[Board "12"]
[WhiteElo "1068"]
[BlackElo "1484"]
[PlyCount "105"]
[BlackFideId "4624548"]
[EventCountry "GER"]
[EventRounds "9"]
[EventType "swiss"]
[EventDate "2005.05.15"]

1. e4 c6 2. Nc3 d5 3. Nf3 dxe4 4. Nxe4 Nf6 5. Ng3 Bg4 6. h3 Bxf3 7. Qxf3 e6 8.
Be2 Nbd7 9. O-O Bd6 10. d4 Qb6 11. c3 O-O 12. Ne4 Nxe4 13. Qxe4 Nf6 14. Qh4 Nd5
15. Bd3 f5 16. Re1 Rae8 17. a3 Qc7 18. g3 e5 19. c4 e4 20. Bc2 Ne7 21. c5 Ng6
22. Qh5 Be7 23. Bb3+ Kh8 24. Be6 Bxc5 25. Bxf5 Rxf5 26. Qxf5 Bxd4 27. Rxe4 Rxe4
28. Qxe4 Qxg3+ 29. Qg2 Bxf2+ 30. Kf1 Qxg2+ 31. Kxg2 Bd4 32. Rb1 Kg8 33. Bd2 Kf7
34. Bc3 Bf6 35. Rd1 Ke6 36. Bxf6 gxf6 37. Rd8 Nf4+ 38. Kg3 Nd5 39. Rh8 f5 40.
Rxh7 f4+ 41. Kf3 b5 42. Rxa7 Ke5 43. Rg7 c5 44. h4 Nf6 45. Rg5+ Kd4 46. Kxf4
Ne4 47. Rg2 Nf6 48. Rh2 c4 49. h5 Nxh5+ 50. Rxh5 c3 51. bxc3+ Kxc3 52. Rxb5 Kc4
53. a4 1-0

[Event "DEM U14w 2005"]
[Site "Willingen GER"]
[Date "2005.05.20"]
[Round "8"]
[White "Karmann, Anna"]
[Black "Winkelmann, Elena"]
[Result "1/2-1/2"]
[Termination "normal"]
[Board "1"]
[WhiteElo "1639"]
[BlackElo "2031"]
[PlyCount "39"]
[WhiteFideId "24648000"]
[BlackFideId "24607630"]
[EventCountry "GER"]
[EventRounds "9"]
[EventType "swiss"]
[EventDate "2005.05.15"]

1. c4 c6 2. e4 d5 3. exd5 cxd5 4. d4 Nf6 5. Nc3 e6 6. Nf3 Bb4 7. Bg5 Nc6 8. c5
Bxc3+ 9. bxc3 Qa5 10. Qc2 Ne4 11. Bd2 e5 12. Rd1 Bf5 13. Qb2 O-O 14. Be2 exd4
15. cxd4 Nxd2 16. Qxd2 b6 17. O-O bxc5 18. Qxa5 Nxa5 19. dxc5 Be6 20. Nd4
1/2-1/2

[Event "DEM U14w 2005"]
[Site "Willingen GER"]
[Date "2005.05.20"]
[Round "8"]
[White "Kickert, Germaine-Helene"]
[Black "Hannes, Diana"]
[Result "1-0"]
[Termination "normal"]
[Board "2"]
[WhiteElo "1920"]
[BlackElo "1922"]
[PlyCount "101"]
[WhiteFideId "24614890"]
[BlackFideId "24611344"]
[EventCountry "GER"]
[EventRounds "9"]
[EventType "swiss"]
[EventDate "2005.05.15"]

1. e4 c5 2. Nf3 Nc6 3. d4 cxd4 4. Nxd4 Nf6 5. Nc3 e5 6. Ndb5 d6 7. Nd5 Nxd5 8.
exd5 Nb8 9. c4 Be7 10. Be2 O-O 11. O-O a6 12. Nc3 f5 13. f4 Nd7 14. Qc2 Qe8 15.
Be3 Bf6 16. Rae1 exf4 17. Bxf4 Be5 18. Bd3 g6 19. b4 b6 20. Kh1 Qd8 21. Ne2 Qc7
22. Qb3 Kg7 23. Be3 Nf6 24. Bd4 Ng4 25. h3 Bxd4 26. Nxd4 Ne5 27. Nf3 Nxf3 28.
Rxf3 Qf7 29. Rfe3 Ra7 30. Qb2+ Kg8 31. Qd4 Rb7 32. Qb2 b5 33. cxb5 axb5 34. Bc2
Qc7 35. Bb3 Qb6 36. Re7 Rxe7 37. Rxe7 Rf7 38. Re8+ Rf8 39. Rxf8+ Kxf8 40. Qh8+
Kf7 41. Qxc8 Qd4 42. Qe6+ Kg7 43. Qxd6 Qe3 44. Qc7+ Kh6 45. Qc2 Qe1+ 46. Kh2
Qxb4 47. Qd3 Qd6+ 48. Kh1 b4 49. g3 Kg7 50. Qd4+ Kh6 51. Qf4+ 1-0

[Event "DEM U14w 2005"]
[Site "Willingen GER"]
[Date "2005.05.20"]
[Round "8"]
[White "Remy, Janina"]
[Black "Mijatovic, Andrea"]
[Result "1-0"]
[Termination "normal"]
[Board "3"]
[WhiteElo "1720"]
[BlackElo "1551"]
[PlyCount "67"]
[WhiteFideId "24627348"]
[BlackFideId "14514524"]
[EventCountry "GER"]
[EventRounds "9"]
[EventType "swiss"]
[EventDate "2005.05.15"]

1. c4 e5 2. g3 Nf6 3. Bg2 Be7 4. Nf3 Nc6 5. d3 d5 6. cxd5 Nxd5 7. O-O O-O 8. a3
a5 9. b3 f5 10. Nbd2 Nc3 11. Qe1 e4 12. dxe4 fxe4 13. Nh4 Nd4 14. Nxe4 Ncxe2+
15. Kh1 Bxh4 16. gxh4 Nxc1 17. Qxc1 Nxb3 18. Qc4+ Kh8 19. Qxb3 Qxh4 20. Qg3 Rf4
21. Qxh4 Rxh4 22. Nc5 Rb8 23. Rfe1 Kg8 24. Rad1 b6 25. Nd7 Bxd7 26. Rxd7 c5 27.
Ree7 Rg4 28. h3 Rg5 29. f4 Rg3 30. Kh2 Rg6 31. Be4 Rf6 32. Rxg7+ Kf8 33. Rxh7
Ke8 34. Ra7 1-0

[Event "DEM U14w 2005"]
[Site "Willingen GER"]
[Date "2005.05.20"]
[Round "8"]
[White "Smolkina, Milana"]
[Black "Zier, Verena"]
[Result "1/2-1/2"]
[Termination "normal"]
[Board "4"]
[WhiteElo "1709"]
[BlackElo "1844"]
[PlyCount "47"]
[WhiteFideId "24618780"]
[BlackFideId "24620602"]
[EventCountry "GER"]
[EventRounds "9"]
[EventType "swiss"]
[EventDate "2005.05.15"]

1. e4 e6 2. d3 d5 3. Nd2 Nf6 4. Ngf3 c5 5. g3 Nc6 6. Bg2 dxe4 7. dxe4 e5 8. O-O
Be7 9. b3 O-O 10. Bb2 Qc7 11. Nc4 Rd8 12. Qe2 Nd7 13. c3 f6 14. Ne3 Nb6 15.
Rad1 Be6 16. Nh4 Bf8 17. Nhf5 Qf7 18. Ba3 a6 19. g4 Rxd1 20. Rxd1 Rd8 21. Rxd8
Nxd8 22. Qd1 Qd7 23. Qxd7 Nxd7 24. Bf1 1/2-1/2

[Event "DEM U14w 2005"]
[Site "Willingen GER"]
[Date "2005.05.20"]
[Round "8"]
[White "Mertens, Pauline"]
[Black "Lorenz, Nicole"]
[Result "0-1"]
[Termination "normal"]
[Board "5"]
[WhiteElo "1505"]
[BlackElo "1761"]
[PlyCount "82"]
[WhiteFideId "24671959"]
[BlackFideId "24623709"]
[EventCountry "GER"]
[EventRounds "9"]
[EventType "swiss"]
[EventDate "2005.05.15"]

1. e4 d5 2. exd5 Qxd5 3. Nc3 Qa5 4. g3 Nf6 5. Bg2 c6 6. Nge2 Bf5 7. d3 Nbd7 8.
Bd2 e5 9. O-O Qc7 10. f4 exf4 11. Bxf4 Qb6+ 12. Kh1 g6 13. Re1 Be7 14. Ng1 Ng4
15. Nh3 Kf8 16. Qe2 Bf6 17. Rab1 Kg7 18. Be3 Nxe3 19. Qxe3 Rae8 20. Qxb6 Nxb6
21. Ne4 Be5 22. b3 Nd5 23. a3 Nc3 24. Nxc3 Bxc3 25. Rxe8 Rxe8 26. Nf2 Re2 27.
Ne4 Rxc2 28. Nd6 Bxd3 29. Rd1 Be2 30. Rb1 Bb2 31. a4 b5 32. Nc8 bxa4 33. bxa4
a6 34. Ne7 c5 35. Nd5 Rc1+ 36. Rxc1 Bxc1 37. Nc3 Bd3 38. a5 Bd2 39. Na4 c4 40.
Nb2 Be2 41. Be4 c3 0-1

[Event "DEM U14w 2005"]
[Site "Willingen GER"]
[Date "2005.05.20"]
[Round "8"]
[White "van Orsouw, Svenja"]
[Black "Gahn, Juliane"]
[Result "1/2-1/2"]
[Termination "normal"]
[Board "6"]
[WhiteElo "1421"]
[BlackElo "1606"]
[PlyCount "43"]
[WhiteFideId "24677124"]
[EventCountry "GER"]
[EventRounds "9"]
[EventType "swiss"]
[EventDate "2005.05.15"]

1. e4 c5 2. Nf3 e6 3. d4 cxd4 4. Nxd4 a6 5. Nc3 Qc7 6. Bd3 Nf6 7. O-O d6 8. Kh1
b5 9. f4 Bb7 10. Re1 Be7 11. Bd2 Nc6 12. Nxc6 Bxc6 13. a4 b4 14. Na2 Qb7 15.
Qe2 d5 16. e5 Nd7 17. b3 O-O 18. f5 exf5 19. Bxf5 Kh8 20. Nc1 Bc5 21. Nd3 Be7
22. Rab1 1/2-1/2

[Event "DEM U14w 2005"]
[Site "Willingen GER"]
[Date "2005.05.20"]
[Round "8"]
[White "Backer, Julia"]
[Black "Bakalarz, Janet"]
[Result "0-1"]
[Termination "normal"]
[Board "7"]
[WhiteElo "1533"]
[BlackElo "1399"]
[PlyCount "118"]
[EventCountry "GER"]
[EventRounds "9"]
[EventType "swiss"]
[EventDate "2005.05.15"]

1. e4 c5 2. c3 d5 3. exd5 Qxd5 4. d4 cxd4 5. cxd4 Nc6 6. Nf3 Bg4 7. Nc3 Qd6 8.
d5 Ne5 9. Nxe5 Qxe5+ 10. Be2 Nf6 11. O-O Bxe2 12. Qxe2 Qxe2 13. Nxe2 Nxd5 14.
Rd1 e6 15. Nf4 Nxf4 16. Bxf4 Bc5 17. Rac1 b6 18. a3 a5 19. Bd6 Bxd6 20. Rxd6
Rb8 21. Rcc6 b5 22. Rb6 Rc8 23. g3 Ke7 24. Rd4 Rb8 25. Ra6 Ra8 26. Rb6 Rhb8 27.
Rdd6 b4 28. Ra6 Rxa6 29. Rxa6 bxa3 30. bxa3 Rb5 31. Kf1 h5 32. Ke2 Rd5 33. Ke3
g5 34. a4 f5 35. Ra7+ Kf6 36. Rh7 Re5+ 37. Kd3 Re4 38. Rxh5 g4 39. Rh8 Rxa4 40.
h4 gxh3 41. Rxh3 Ra2 42. f4 a4 43. Kd4 a3 44. Rh6+ Ke7 45. Rh7+ Kd6 46. Ra7 Ra1
47. Ra6+ Ke7 48. Ke5 Re1+ 49. Kd4 Re4+ 50. Kd3 e5 51. fxe5 Rg4 52. Ke2 Rxg3 53.
Kf2 f4 54. Ra4 Rb3 55. Rxf4 Rb1 56. Ra4 Ra1 57. Ke2 a2 58. Kd2 Rh1 59. Rxa2
Rh2+ 0-1